Marvel Movies 1986-2025 (Live Action) - Statistics

General Stats
  • This quiz has been taken 1,714 times
    617 since last reset
  • The average score is 58 of 77
Answer Stats
Year Movie % Correct
1990 Captain America
96%
2008 Iron Man
95%
2002 Spider-Man
95%
2003 Hulk
94%
2010 Iron Man 2
92%
2013 Iron Man 3
91%
2012 The Avengers
91%
2011 Thor
91%
2004 Spider-Man 2
90%
2007 Spider-Man 3
90%
2000 X-Men
88%
2019 Avengers: Endgame
87%
2018 Avengers: Infinity War
86%
2017 Spider-Man: Homecoming
86%
2015 Avengers: Age of Ultron
84%
2016 Captain America: Civil War
84%
2016 Doctor Strange
84%
2005 Fantastic Four
84%
2015 Fantastic Four
84%
2019 Spider-Man: Far From Home
84%
2021 Spider-Man: No Way Home
84%
2015 Ant-Man
83%
2017 Thor: Ragnarok
83%
2018 Ant-Man and the Wasp
82%
2018 Black Panther
82%
2021 Black Widow
82%
2016 Deadpool
82%
2012 The Amazing Spider-Man
82%
2014 Guardians of the Galaxy
81%
2022 Thor: Love and Thunder
81%
2019 Captain Marvel
80%
2014 The Amazing Spider-Man 2
80%
2013 Thor: The Dark World
80%
2024 Deadpool and Wolverine
79%
2008 The Incredible Hulk
79%
2013 The Wolverine
79%
2022 Black Panther: Wakanda Forever
78%
2018 Deadpool 2
78%
2017 Guardians of the Galaxy Vol. 2
78%
2014 Captain America: The Winter Soldier
77%
2022 Doctor Strange in the Multiverse of Madness
77%
2021 Eternals
75%
2025 Thunderbolts
75%
2006 X-Men: The Last Stand
75%
2025 Captain America: Brave New World
74%
2023 Ant-Man and the Wasp: Quantumania
73%
1998 Blade
73%
2017 Logan
73%
2023 The Marvels
73%
2003 X2
73%
2007 Fantastic Four: Rise of the Silver Surfer
72%
2023 Guardians of the Galaxy Vol. 3
72%
2021 Shang Chi and the Legend of the Ten Rings
72%
2011 X-Men: First Class
72%
2011 Captain America: The First Avenger
71%
2016 X-Men: Apocalypse
71%
2003 Daredevil
70%
2014 X-Men: Days of Future Past
70%
2002 Blade II
67%
2019 Dark Phoenix
67%
2018 Venom
66%
2004 Blade: Trinity
64%
2009 X-Men Origins: Wolverine
64%
2005 Elektra
63%
2021 Venom: Let There Be Carnage
62%
2025 The Fantastic Four: First Steps
61%
1989 The Punisher
59%
2004 The Punisher
59%
2024 Venom: The Last Dance
59%
2007 Ghost Rider
57%
1986 Howard the Duck
57%
2021 Morbius
52%
2020 The New Mutants
52%
2024 Madame Web
50%
2011 Ghost Rider: Spirit of Vengeance
49%
2024 Kraven the Hunter
49%
2008 Punisher: War Zone
36%
No matching quizzes found
Score Distribution
Percent of People with Each Score
Percentile by Number Answered
Your Score History
You have not taken this quiz since the last reset